Transforming the revolution: Social movements and the world system /

محفوظ في:
التفاصيل البيبلوغرافية
المؤلف الرئيسي: Amin, Samir
مؤلفون آخرون: Arrighi, Giovanni, Gunder Frank, Andre, Wallerstein, Immanuel
التنسيق: غير معروف
اللغة:English
منشور في: New York (State) : Monthy Review Press
الموضوعات:
الوسوم: إضافة وسم
لا توجد وسوم, كن أول من يضع وسما على هذه التسجيلة!

MARC

LEADER 00000 a2200000 04500
001 45536
003
008 050612s1990 nyu eng d
040
020 |a 0-85345-808-1  
022 |a [Pendiente]  
090 |a 05.03.04 A517t  
100 |a Amin, Samir  
245 |a Transforming the revolution:  |b Social movements and the world system /  |c Amin Samir  
260 |a New York (State) :   |b Monthy Review Press  
300 |a 187 páginas  
500 |a Colección cambio social donada por Paul Almeida  
650 |a CAMBIO SOCIAL  
650 |a MOVIMIENTOS SOCIALES  
650 |a DEMOCRACIA  
650 |a CRISIS ECONOMICA  
650 |a MARXISMO  
700 |a Arrighi, Giovanni  
700 |a Gunder Frank, Andre  
700 |a Wallerstein, Immanuel  
999 |c 18228  |d 18228